[Event "CRO-chT2 Center 23rd"]
[Site "Grubisno Polje"]
[Date "2014.04.06"]
[Round "5.5"]
[White "Grkinic, Goran"]
[Black "Blazeka, Damjan"]
[Result "1/2-1/2"]
[WhiteElo "2037"]
[BlackElo "2135"]
[PlyCount "67"]
[EventDate "2014.03.02"]
[EventType "team-match"]
[EventRounds "11"]
[EventCountry "CRO"]
[SourceTitle "EXT 2016"]
[Source "ChessBase"]
[SourceDate "2015.10.08"]
[SourceVersion "1"]
[SourceVersionDate "2015.10.08"]
[SourceQuality "1"]

1. Nf3 Nf6 2. g3 g6 3. Bg2 Bg7 4. 0-0 0-0 5. c4 d6 6. Nc3 e5 7. d3 h6 8. Qc2 c6 9. b4 a5 10. b5 Be6 11. Bb2 Nfd7 12. a4 f5 13. Rad1 Nf6 14. e3 f4 15. exf4 exf4 16. Rfe1 Bg4 17. h3 Bf5 18. Kh2 fxg3+ 19. fxg3 Kh7 20. Ne2 d5 21. Ned4 Bd7 22. Ne6 Bxe6 23. Rxe6 cxb5 24. cxb5 Nbd7 25. Bxf6 Bxf6 26. Qa2 Nc5 27. Ree1 Qd6 28. Qa3 Rae8 29. d4 Ne4 30. Qxd6 Nxd6 31. Rxe8 Rxe8 32. Re1 Rxe1 33. Nxe1 Bxd4 34. Bxd5 1/2-1/2

[Event "CRO-chT2 Center 23rd"]
[Site "Grubisno Polje"]
[Date "2014.03.02"]
[Round "2.1"]
[White "Blazeka, Damjan"]
[Black "Machata, Martin"]
[Result "1-0"]
[WhiteElo "2135"]
[BlackElo "2240"]
[PlyCount "77"]
[EventDate "2014.03.02"]
[EventType "team-match"]
[EventRounds "11"]
[EventCountry "CRO"]
[SourceTitle "EXT 2016"]
[Source "ChessBase"]
[SourceDate "2015.10.08"]
[SourceVersion "1"]
[SourceVersionDate "2015.10.08"]
[SourceQuality "1"]

1. e4 g6 2. d4 Bg7 3. Nf3 c5 4. d5 d6 5. Nc3 Bxc3+ 6. bxc3 Nf6 7. Qd3 Qa5 8. Bd2 Nbd7 9. Be2 Qa4 10. c4 b5 11. Bc3 0-0 12. Nd2 bxc4 13. Qxc4 Qxc4 14. Bxc4 Rb8 15. 0-0 Nb6 16. Rab1 Bb7 17. Be2 Nfd7 18. Nb3 Ba8 19. Na5 Na4 20. Bd2 Rxb1 21. Rxb1 Rb8 22. Rxb8+ Nxb8 23. Bb5 Nb6 24. Nc4 Nxc4 25. Bxc4 Bb7 26. Bb5 Ba6 27. Ba4 Bc4 28. Ba5 Na6 29. a3 f5 30. f3 fxe4 31. fxe4 e6 32. e5 Bxd5 33. exd6 Nb8 34. Bc7 Bc6 35. Bxc6 Nxc6 36. d7 Kf7 37. d8Q Nxd8 38. Bxd8 Ke8 39. Bf6 1-0

[Event "Olomouc op 16th"]
[Site "Olomouc"]
[Date "2013.08.08"]
[Round "9"]
[White "Johansson, Jan"]
[Black "Blazeka, Damjan"]
[Result "1-0"]
[WhiteElo "2394"]
[BlackElo "2096"]
[PlyCount "57"]
[EventDate "2013.08.01"]
[EventType "swiss"]
[EventRounds "9"]
[EventCountry "CZE"]
[SourceTitle "CBM 155 Extra"]
[Source "ChessBase"]
[SourceDate "2013.08.26"]
[SourceVersion "1"]
[SourceVersionDate "2013.08.26"]
[SourceQuality "1"]

1. d4 Nf6 2. Nf3 g6 3. c4 Bg7 4. Nc3 d6 5. Bg5 0-0 6. h3 c5 7. d5 h6 8. Bf4 Nh5 9. Bd2 e5 10. Qc1 g5 11. e4 Na6 12. Qd1 Nf4 13. g3 Ng6 14. Nh2 f5 15. Qh5 Qf6 16. 0-0-0 f4 17. Be2 Ne7 18. Nb5 Rd8 19. h4 Qg6 20. Qxg6 Nxg6 21. Bh5 Nf8 22. hxg5 hxg5 23. a3 Bd7 24. Nxd6 Ba4 25. Bf7+ Kh8 26. Ng4+ Nh7 27. Rxh7+ Kxh7 28. Rh1+ Bh6 29. Nf5 1-0

[Event "CRO-chT U20 22nd"]
[Site "Durdevac"]
[Date "2013.03.26"]
[Round "3"]
[White "Blazeka, Damjan"]
[Black "Bosnjak, Petar"]
[Result "1/2-1/2"]
[WhiteElo "2092"]
[BlackElo "2056"]
[PlyCount "89"]
[EventDate "2013.03.25"]
[EventType "team-tourn"]
[EventRounds "9"]
[EventCountry "CRO"]
[SourceTitle "CBM 153 Extra"]
[Source "ChessBase"]
[SourceDate "2013.04.22"]
[SourceVersion "1"]
[SourceVersionDate "2013.04.22"]
[SourceQuality "1"]

1. e4 d6 2. d4 Nf6 3. Nc3 e5 4. Nf3 Nbd7 5. Bc4 Be7 6. h3 0-0 7. Be3 c6 8. a4 Nxe4 9. Bxf7+ Rxf7 10. Nxe4 exd4 11. Qxd4 Nf6 12. Nc3 d5 13. Bf4 c5 14. Qe5 d4 15. Nb5 Nd5 16. Nd6 Bxd6 17. Qxd5 Qe7+ 18. Be5 Bxe5 19. Qxe5 Qxe5+ 20. Nxe5 Rf5 21. Nc4 Be6 22. Nd6 Rd5 23. Nb5 Re5+ 24. Kd2 Rf8 25. f3 Rg5 26. Rhg1 a6 27. Nd6 Bd5 28. Kd3 Rd8 29. Ne4 Bxe4+ 30. Kxe4 Kf7 31. g4 Rg6 32. Rge1 Rf6 33. f4 Re8+ 34. Kd5 Rxf4 35. Rxe8 Kxe8 36. Kxc5 Rf2 37. Kxd4 Rxc2 38. b4 Ke7 39. Re1+ Kd7 40. Re3 b5 41. axb5 axb5 42. Rc3 Rxc3 43. Kxc3 Kd6 44. Kd4 g5 45. Ke4 1/2-1/2

[Event "CRO-chT2 Center"]
[Site "Zagreb"]
[Date "2012.10.21"]
[Round "9.33"]
[White "Machata, Martin"]
[Black "Blazeka, Damjan"]
[Result "1-0"]
[WhiteElo "2240"]
[BlackElo "2108"]
[PlyCount "70"]
[EventDate "2012.03.18"]
[EventType "team-swiss"]
[EventRounds "11"]
[EventCountry "CRO"]
[SourceTitle "EXT 2019"]
[Source "ChessBase"]
[SourceDate "2018.10.10"]
[SourceVersion "1"]
[SourceVersionDate "2018.10.10"]
[SourceQuality "1"]

1. d4 Nf6 2. Bg5 Ne4 3. Bf4 c5 4. d5 Qa5+ 5. Nd2 g6 6. f3 Nf6 7. e4 d6 8. Ne2 Bd7 9. Nc3 Nh5 10. Nc4 Qc7 11. Be3 b5 12. Nd2 Bg7 13. g4 Bxc3 14. bxc3 Nf6 15. c4 b4 16. Bd3 Bc8 17. h3 Nbd7 18. f4 Nb6 19. 0-0 Na4 20. Qf3 h6 21. Rae1 Bb7 22. e5 Nd7 23. exd6 Qxd6 24. Ne4 Qb6 25. Qf2 0-0-0 26. Rb1 f5 27. gxf5 gxf5 28. Ng3 Nc3 29. Rbe1 Rhg8 30. Kh2 Rxg3 31. Qxg3 Rf8 32. Bd2 Nxa2 33. Rxe7 Qf6 34. Qg7 Qxg7 35. Rxg7 Nb6 1-0

[Event "CRO-chT2 Center"]
[Site "Zagreb"]
[Date "2012.10.14"]
[Round "8.53"]
[White "Blazeka, Damjan"]
[Black "Makaj, Marko"]
[Result "0-1"]
[WhiteElo "2108"]
[BlackElo "2355"]
[PlyCount "75"]
[EventDate "2012.03.18"]
[EventType "team-swiss"]
[EventRounds "11"]
[EventCountry "CRO"]
[SourceTitle "EXT 2019"]
[Source "ChessBase"]
[SourceDate "2018.10.10"]
[SourceVersion "1"]
[SourceVersionDate "2018.10.10"]
[SourceQuality "1"]

1. e4 g6 2. d4 Bg7 3. Nf3 d6 4. Bd3 Bg4 5. c3 c6 6. h3 Bc8 7. 0-0 e5 8. dxe5 dxe5 9. Na3 b5 10. Bg5 f6 11. Bh4 Ne7 12. Nc2 Nd7 13. b4 Nb6 14. Ne3 Be6 15. Qc2 0-0 16. Rfd1 Qe8 17. c4 a6 18. cxb5 axb5 19. Qc5 Na4 20. Qc2 Qf7 21. Nd2 Rfd8 22. Nb3 Bf8 23. Be2 Kg7 24. Bg4 h5 25. Bxe6 Qxe6 26. f3 Rxd1+ 27. Nxd1 Nc8 28. Nc5 Nxc5 29. bxc5 Ra4 30. Bf2 Qc4 31. Qd2 Bxc5 32. Qd7+ Ne7 33. Ne3 Qf7 34. Nc2 Ra7 35. Qd8 Bxf2+ 36. Kxf2 Qc4 37. Ne3 Qd4 38. Qb8 0-1

[Event "Velika Gorica op 10th"]
[Site "Velika Gorica"]
[Date "2012.08.23"]
[Round "4"]
[White "Blazeka, Damjan"]
[Black "Matana, Zoran"]
[Result "1/2-1/2"]
[WhiteElo "2112"]
[BlackElo "1878"]
[PlyCount "64"]
[EventDate "2012.08.20"]
[EventType "swiss"]
[EventRounds "9"]
[EventCountry "CRO"]
[SourceTitle "CBM 150 Extra"]
[Source "ChessBase"]
[SourceDate "2012.10.19"]
[SourceVersion "1"]
[SourceVersionDate "2012.10.19"]
[SourceQuality "1"]

1. e4 c5 2. Nf3 Nc6 3. d4 cxd4 4. Nxd4 e5 5. Nb5 d6 6. Bg5 f6 7. Be3 Be6 8. N1c3 a6 9. Na3 Nge7 10. Nc4 Nc8 11. a4 Nb4 12. Nd5 Nxd5 13. exd5 Bf7 14. f4 Qd7 15. Be2 Be7 16. 0-0 0-0 17. f5 Re8 18. Bh5 Bd8 19. Bxf7+ Qxf7 20. Ra3 Rb8 21. a5 Qc7 22. Qg4 Re7 23. Rf3 e4 24. Rh3 Qxc4 25. Qh5 Rf7 26. Qxh7+ Kf8 27. Qh8+ Ke7 28. Qg8 Qe2 29. g3 Qd1+ 30. Kg2 Qf3+ 31. Kg1 Qd1+ 32. Kg2 Qf3+ 1/2-1/2

[Event "CRO-ch U19"]
[Site "Topusko"]
[Date "2012.07.29"]
[Round "9"]
[White "Blazeka, Damjan"]
[Black "Havas, Janko"]
[Result "1/2-1/2"]
[WhiteElo "2123"]
[BlackElo "2155"]
[PlyCount "73"]
[EventDate "2012.??.??"]
[EventType "swiss"]
[EventRounds "9"]
[EventCountry "CRO"]
[SourceTitle "EXT 2013"]
[Source "ChessBase"]
[SourceDate "2012.11.22"]
[SourceVersion "1"]
[SourceVersionDate "2012.11.22"]
[SourceQuality "1"]

1. e4 c5 2. Nf3 d6 3. d4 cxd4 4. Nxd4 Nf6 5. Nc3 g6 6. Be3 Bg7 7. f3 0-0 8. Qd2 Nc6 9. Bc4 Bd7 10. 0-0-0 Rb8 11. Bb3 Na5 12. Kb1 b5 13. h4 Nc4 14. Bxc4 bxc4 15. Ka1 Qa5 16. Rb1 Rb6 17. Bh6 Bxh6 18. Qxh6 Rfb8 19. Qg5 d5 20. e5 Rxb2 21. Rxb2 Qxc3 22. Qc1 Qxd4 23. exf6 Qxf6 24. c3 Rb6 25. h5 Bf5 26. hxg6 Bxg6 27. Qe3 Qd6 28. Rxb6 axb6 29. Re1 Qa3 30. Qc1 Qd6 31. Qe3 e6 32. Qe5 Qc5 33. Qb8+ Kg7 34. Qe5+ Kf8 35. g4 Qf2 36. g5 d4 37. Qb8+ 1/2-1/2

[Event "CRO-ch U19"]
[Site "Topusko"]
[Date "2012.07.27"]
[Round "7"]
[White "Blazeka, Damjan"]
[Black "Havas, Juraj"]
[Result "1/2-1/2"]
[WhiteElo "2123"]
[BlackElo "2136"]
[PlyCount "71"]
[EventDate "2012.??.??"]
[EventType "swiss"]
[EventRounds "9"]
[EventCountry "CRO"]
[SourceTitle "EXT 2013"]
[Source "ChessBase"]
[SourceDate "2012.11.22"]
[SourceVersion "1"]
[SourceVersionDate "2012.11.22"]
[SourceQuality "1"]

1. e4 c5 2. Nf3 Nc6 3. d4 cxd4 4. Nxd4 Nf6 5. Nc3 e5 6. Ndb5 d6 7. Bg5 a6 8. Na3 b5 9. Bxf6 gxf6 10. Nd5 Bg7 11. c3 f5 12. exf5 Bxf5 13. Nc2 0-0 14. Nce3 Be6 15. Bd3 f5 16. 0-0 Ne7 17. Nxe7+ Qxe7 18. Bxf5 Rad8 19. Bxe6+ Qxe6 20. Qd5 Qxd5 21. Nxd5 Rf7 22. a4 Rb7 23. b4 Kf7 24. f3 Ke6 25. Rfd1 Re8 26. a5 e4 27. Rac1 exf3 28. gxf3 Rf7 29. Rd3 Be5 30. Re1 Rg8+ 31. Kf2 Rgf8 32. Re4 Kd7 33. Rh4 Kc6 34. Rh6 Bg7 35. Rh4 Be5 36. Rh3 1/2-1/2

[Event "CRO-ch U19"]
[Site "Topusko"]
[Date "2012.07.25"]
[Round "4"]
[White "Blazeka, Damjan"]
[Black "Plenca, Jadranko"]
[Result "1/2-1/2"]
[WhiteElo "2123"]
[BlackElo "2061"]
[PlyCount "47"]
[EventDate "2012.??.??"]
[EventType "swiss"]
[EventRounds "9"]
[EventCountry "CRO"]
[SourceTitle "EXT 2013"]
[Source "ChessBase"]
[SourceDate "2012.11.22"]
[SourceVersion "1"]
[SourceVersionDate "2012.11.22"]
[SourceQuality "1"]

1. e4 e5 2. Nf3 Nc6 3. Bb5 a6 4. Ba4 d6 5. Bxc6+ bxc6 6. d4 f6 7. Nc3 Bg4 8. Be3 Rb8 9. Qd3 Bxf3 10. gxf3 Rxb2 11. Qxa6 Ne7 12. Nd1 Rb8 13. dxe5 fxe5 14. Ke2 Ra8 15. Qc4 Qc8 16. Nc3 Qa6 17. Qxa6 Rxa6 18. Rhb1 Ng6 19. Rb7 Kd7 20. a4 Be7 21. Rab1 Rf8 22. Ra7 Rxa7 23. Bxa7 Ra8 24. Be3 1/2-1/2

[Event "CRO-chT U20 21st"]
[Site "Topusko"]
[Date "2012.04.05"]
[Round "10.54"]
[White "Blazeka, Damjan"]
[Black "Slamar, Josip"]
[Result "1-0"]
[WhiteElo "2091"]
[BlackElo "1946"]
[PlyCount "57"]
[EventDate "2012.04.01"]
[EventType "team-tourn"]
[EventRounds "11"]
[EventCountry "CRO"]
[SourceTitle "EXT 2013"]
[Source "ChessBase"]
[SourceDate "2012.11.22"]
[SourceVersion "1"]
[SourceVersionDate "2012.11.22"]
[SourceQuality "1"]

1. e4 c6 2. d4 d5 3. exd5 cxd5 4. c4 Nf6 5. Nc3 Nc6 6. Nf3 e6 7. Bg5 Be7 8. cxd5 Nxd5 9. Bxe7 Qxe7 10. Bc4 0-0 11. 0-0 Nf6 12. Qe2 b6 13. Rfd1 Rd8 14. Ne5 Na5 15. Bd3 Bb7 16. f4 Re8 17. Ne4 Nxe4 18. Bxe4 Bxe4 19. Qxe4 Nb7 20. Rac1 Nd6 21. Qf3 Rac8 22. Nc6 Qd7 23. d5 Rc7 24. Qd3 Nf5 25. Ne5 Qc8 26. Rxc7 Qxc7 27. dxe6 Qc5+ 28. Kh1 Rxe6 29. Qxf5 1-0

[Event "CRO-chT U20 21st"]
[Site "Topusko"]
[Date "2012.04.02"]
[Round "4.24"]
[White "Blazeka, Damjan"]
[Black "Safar, Sandro"]
[Result "1/2-1/2"]
[WhiteElo "2091"]
[BlackElo "1575"]
[PlyCount "67"]
[EventDate "2012.04.01"]
[EventType "team-tourn"]
[EventRounds "11"]
[EventCountry "CRO"]
[SourceTitle "EXT 2013"]
[Source "ChessBase"]
[SourceDate "2012.11.22"]
[SourceVersion "1"]
[SourceVersionDate "2012.11.22"]
[SourceQuality "1"]

1. e4 c5 2. Nf3 Nc6 3. d4 cxd4 4. Nxd4 g6 5. Nc3 Bg7 6. Be3 Nf6 7. Bc4 Qa5 8. 0-0 Qb4 9. Bb3 Nxe4 10. Nxe4 Nxd4 11. c3 Ne2+ 12. Qxe2 Qxe4 13. f3 Qc6 14. Rad1 0-0 15. Bd5 Qc7 16. f4 d6 17. Qf2 Bf5 18. Bxa7 e6 19. Bb3 d5 20. Be3 Rfc8 21. Rc1 Bf8 22. c4 dxc4 23. Bxc4 Qa5 24. Bb3 e5 25. Rxc8 Rxc8 26. g4 Bxg4 27. fxe5 Bf5 28. Qg3 Bg7 29. Bd4 Be6 30. Bxe6 fxe6 31. Qb3 Qd5 32. Qxd5 exd5 33. Bc3 Rd8 34. e6 1/2-1/2

[Event "CRO-chT2 Center"]
[Site "Zagreb"]
[Date "2012.03.25"]
[Round "3.23"]
[White "Blazeka, Damjan"]
[Black "Greb, Nikola"]
[Result "1/2-1/2"]
[WhiteElo "2091"]
[BlackElo "2082"]
[PlyCount "84"]
[EventDate "2012.03.18"]
[EventType "team-swiss"]
[EventRounds "11"]
[EventCountry "CRO"]
[SourceTitle "EXT 2014"]
[Source "ChessBase"]
[SourceDate "2013.11.20"]
[SourceVersion "1"]
[SourceVersionDate "2013.11.20"]
[SourceQuality "1"]

1. e4 c5 2. Nc3 Nc6 3. f4 e6 4. Nf3 a6 5. g3 g6 6. Bg2 Bg7 7. 0-0 Nge7 8. d3 0-0 9. g4 d5 10. Qe1 Qc7 11. Ne2 Nb4 12. Qh4 Nxc2 13. Rb1 f5 14. exf5 exf5 15. g5 Be6 16. a3 Nc6 17. Qf2 N2d4 18. Be3 Nxf3+ 19. Qxf3 d4 20. Bd2 c4 21. Rfc1 cxd3 22. Qxd3 Qd7 23. Rc5 Rac8 24. Rbc1 Ne7 25. Rxc8 Rxc8 26. Rxc8+ Nxc8 27. Bb4 b6 28. Be1 b5 29. b3 Qd6 30. Bf2 Qxa3 31. Nxd4 Qd6 32. b4 Nb6 33. Qe3 Bxd4 34. Qxd4 Qxd4 35. Bxd4 Nd5 36. Bxd5 Bxd5 37. Bb6 Kf7 38. Kf2 Ke6 39. Ke3 Bc4 40. Kd4 Be2 41. Kc5 Bf3 42. Ba5 Be2 1/2-1/2

[Event "CRO-chT2 Center"]
[Site "Zagreb"]
[Date "2012.03.25"]
[Round "4.63"]
[White "Vrban, Mladen"]
[Black "Blazeka, Damjan"]
[Result "1-0"]
[WhiteElo "2398"]
[BlackElo "2091"]
[PlyCount "69"]
[EventDate "2012.03.18"]
[EventType "team-swiss"]
[EventRounds "11"]
[EventCountry "CRO"]
[SourceTitle "EXT 2014"]
[Source "ChessBase"]
[SourceDate "2013.11.20"]
[SourceVersion "1"]
[SourceVersionDate "2013.11.20"]
[SourceQuality "1"]

1. f4 Nf6 2. Nf3 g6 3. g3 Bg7 4. Bg2 d5 5. 0-0 0-0 6. d3 c5 7. c3 b6 8. Ne5 Bb7 9. Qe1 Nbd7 10. h3 Qc7 11. Nxd7 Nxd7 12. Na3 d4 13. e4 c4 14. e5 Bxg2 15. Kxg2 dxc3 16. Qxc3 Qb7+ 17. Kg1 b5 18. Qb4 Qb6+ 19. Rf2 Qe6 20. Kh2 cxd3 21. Qxb5 f6 22. Qxd3 fxe5 23. Re2 Rac8 24. Be3 exf4 25. Bxf4 Nc5 26. Qd2 Qf5 27. Rxe7 Rfd8 28. Qe2 Qd3 29. Rf1 Rf8 30. h4 h6 31. Rd1 Qf5 32. Nc4 Ne6 33. Rxe6 g5 34. Nd6 Rc2 35. Nxf5 1-0

[Event "Bosnjaci op 17th"]
[Site "Bosnjaci"]
[Date "2012.01.07"]
[Round "7"]
[White "Blazeka, Damjan"]
[Black "Muskardin, Mario"]
[Result "0-1"]
[WhiteElo "2063"]
[BlackElo "2210"]
[PlyCount "54"]
[EventDate "2012.01.03"]
[EventType "swiss"]
[EventRounds "9"]
[EventCountry "CRO"]
[SourceTitle "CBM 146 Extra"]
[Source "ChessBase"]
[SourceDate "2012.02.29"]
[SourceVersion "1"]
[SourceVersionDate "2012.02.29"]
[SourceQuality "1"]

1. e4 c5 2. Nf3 d6 3. d4 cxd4 4. Nxd4 Nf6 5. Nc3 Bd7 6. Bc4 e6 7. Be3 Be7 8. Ndb5 Bxb5 9. Bxb5+ Nc6 10. 0-0 0-0 11. f4 a6 12. Be2 d5 13. exd5 exd5 14. Bd4 Nxd4 15. Qxd4 Qa5 16. Kh1 Bc5 17. Qd3 Rfe8 18. Bf3 Re3 19. Qf5 d4 20. Na4 Qxa4 21. Bxb7 Rb8 22. Qxc5 Re2 23. Qc7 Rbe8 24. b3 Qa3 25. Bf3 R2e7 26. Qb6 Qb2 27. Rac1 Qxc1 0-1

[Event "Mediterranean op 5th"]
[Site "Rijeka"]
[Date "2011.11.15"]
[Round "5"]
[White "Baron, Tal"]
[Black "Blazeka, Damjan"]
[Result "1-0"]
[WhiteElo "2504"]
[BlackElo "2020"]
[PlyCount "35"]
[EventDate "2011.11.11"]
[EventType "swiss"]
[EventRounds "9"]
[EventCountry "CRO"]
[SourceTitle "EXT 2012"]
[Source "ChessBase"]
[SourceDate "2011.11.24"]
[SourceVersion "1"]
[SourceVersionDate "2011.11.24"]
[SourceQuality "1"]

1. e4 c5 2. Nf3 e6 3. d4 cxd4 4. Nxd4 a6 5. Nc3 b5 6. Bd3 Qb6 7. Nf3 Bb7 8. a4 b4 9. a5 Qc7 10. Na4 Bc5 11. Qd2 Ba7 12. Qg5 Ne7 13. Bf4 d6 14. Qxg7 Rg8 15. Qxh7 Qxa5 16. 0-0 e5 17. Bc4 d5 18. Nxe5 1-0

[Event "CRO-ch U19"]
[Site "Topusko"]
[Date "2011.07.27"]
[Round "5"]
[White "Blazeka, Damjan"]
[Black "Grguric, Stjepan Kresimir"]
[Result "1/2-1/2"]
[WhiteElo "2052"]
[BlackElo "1976"]
[PlyCount "43"]
[EventDate "2011.07.24"]
[EventType "swiss"]
[EventRounds "9"]
[EventCountry "CRO"]
[SourceTitle "EXT 2012"]
[Source "ChessBase"]
[SourceDate "2011.11.24"]
[SourceVersion "1"]
[SourceVersionDate "2011.11.24"]
[SourceQuality "1"]

1. e4 e5 2. Nf3 Nc6 3. Bb5 a6 4. Ba4 Nf6 5. 0-0 Be7 6. Re1 b5 7. Bb3 0-0 8. h3 Bb7 9. Nc3 d6 10. Nd5 Na5 11. Nxe7+ Qxe7 12. d3 Nxb3 13. axb3 Nd7 14. d4 c5 15. d5 Nb6 16. c4 h6 17. Qd3 b4 18. Nh2 Bc8 19. Qg3 Kh7 20. f4 Nd7 21. Nf3 f6 22. Nh4 1/2-1/2

[Event "CRO-ch U19"]
[Site "Topusko"]
[Date "2011.07.27"]
[Round "6"]
[White "Vucic, Mihovil"]
[Black "Blazeka, Damjan"]
[Result "0-1"]
[WhiteElo "1954"]
[BlackElo "2052"]
[PlyCount "120"]
[EventDate "2011.07.24"]
[EventType "swiss"]
[EventRounds "9"]
[EventCountry "CRO"]
[SourceTitle "EXT 2012"]
[Source "ChessBase"]
[SourceDate "2011.11.24"]
[SourceVersion "1"]
[SourceVersionDate "2011.11.24"]
[SourceQuality "1"]

1. e4 c5 2. Nf3 d6 3. c3 Nf6 4. Bd3 Nbd7 5. Bc2 b6 6. 0-0 Bb7 7. Re1 g6 8. d4 Bg7 9. Qe2 0-0 10. e5 dxe5 11. dxe5 Ng4 12. e6 Nde5 13. exf7+ Nxf7 14. Qe6 Bxf3 15. gxf3 Nge5 16. Be4 Rc8 17. Na3 Qd6 18. Qxd6 Nxd6 19. Bd5+ Kh8 20. f4 Nd3 21. Rxe7 Rce8 22. Rxe8 Rxe8 23. Be3 Nxb2 24. Rc1 Na4 25. Bc6 Nxc3 26. Rxc3 Bxc3 27. Bxe8 Nxe8 28. Nb5 Bb2 29. Nxa7 Nd6 30. Kf1 Kg7 31. a4 Kf6 32. Ke2 Ke6 33. Kd3 Kd5 34. f3 c4+ 35. Kc2 Bd4 36. Bd2 b5 37. Nxb5 Nxb5 38. axb5 Kc5 39. h3 Kxb5 40. Bc1 Kc5 41. Bd2 Kd5 42. Kb1 Bf2 43. Kc2 Kd4 44. Ba5 Ke3 45. Bc7 Kxf3 46. Kc3 Bg3 47. Kxc4 Bxf4 48. Bd8 Kg3 49. h4 Kg4 50. Kd3 Bg3 51. Ke2 Bxh4 52. Bb6 Kh3 53. Kf1 g5 54. Kg1 g4 55. Bc7 Bg3 56. Bb6 Bh2+ 57. Kf2 Be5 58. Kg1 h5 59. Bf2 h4 60. Kh1 g3 0-1